[Event "Chess24 Banter QualD 2020"]
[Site "chess24.com INT"]
[Date "2020.09.08"]
[Round "1.4"]
[Board "4"]
[White "Keymer, Vincent"]
[Black "Bacrot, Etienne"]
[Result "1-0"]
[WhiteTitle "GM"]
[BlackTitle "GM"]
[WhiteElo "2568"]
[BlackElo "2673"]
[WhiteFideId "12940690"]
[BlackFideId "605506"]
[EventDate "2020.09.08"]

1. d4 f5 2. g3 Nf6 3. Bg2 g6 4. Nf3 Bg7 5. O-O O-O 6. b3 d6 7. Bb2 c6 8. c4 Na6
9. Nc3 Kh8 10. Re1 Ne4 11. e3 Bd7 12. Rc1 Qa5 13. Nd2 Nxc3 14. Bxc3 Qc7 15. f4
e5 16. dxe5 dxe5 17. Nf3 exf4 18. Bxg7+ Kxg7 19. exf4 Rae8 20. Qd4+ Kg8 21. c5
Bc8 22. Bf1 1-0

[Event "Chess24 Banter QualD 2020"]
[Site "chess24.com INT"]
[Date "2020.09.08"]
[Round "1.5"]
[Board "4"]
[White "Bacrot, Etienne"]
[Black "Keymer, Vincent"]
[Result "1/2-1/2"]
[WhiteTitle "GM"]
[BlackTitle "GM"]
[WhiteElo "2673"]
[BlackElo "2568"]
[WhiteFideId "605506"]
[BlackFideId "12940690"]
[EventDate "2020.09.08"]

1. Nf3 d5 2. Ng1 e5 3. g3 Nf6 4. Bg2 c6 5. d3 Bd6 6. Nd2 O-O 7. e4 Re8 8. Ne2
Bg4 9. h3 Bh5 10. g4 Bg6 11. Ng3 h6 12. h4 Nbd7 13. g5 hxg5 14. hxg5 Nh7 15. Nf3
dxe4 16. Nxe4 Nc5 17. Nh4 Nxe4 18. Bxe4 Bxe4 19. dxe4 Bb4+ 20. c3 Qxd1+ 21. Kxd1
Bc5 22. Ke2 Nf8 23. Bd2 Rad8 24. Rh2 Ng6 25. Rah1 Nxh4 26. Rxh4 Kf8 27. Rh7 g6
28. Bc1 Ke7 29. R1h3 a5 30. b3 Rf8 31. Rf3 b5 32. Bb2 a4 33. c4 axb3 34. axb3
Bd4 35. Ba3+ c5 36. b4 Rb8 37. cxb5 Rxb5 38. bxc5 Bxc5 39. Bc1 Rb4 40. Be3 Bxe3
41. Rxe3 Ke6 42. Kf3 Rd8 43. Ra3 Rb7 44. Ra6+ Rd6 45. Ra3 Rdb6 46. Kg4 Rb4 47.
f3 Rb1 48. Ra6+ R7b6 49. Rxb6+ Rxb6 50. Rh8 Ke7 51. Ra8 1/2-1/2

[Event "Chess24 Banter QualD 2020"]
[Site "chess24.com INT"]
[Date "2020.09.09"]
[Round "2.1"]
[Board "1"]
[White "Cheparinov, Ivan"]
[Black "Narayanan, S.L."]
[Result "1/2-1/2"]
[WhiteTitle "GM"]
[BlackTitle "GM"]
[WhiteElo "2686"]
[BlackElo "2618"]
[WhiteFideId "2905540"]
[BlackFideId "5058422"]
[EventDate "2020.09.08"]

1. d4 Nf6 2. c4 e6 3. Nf3 d5 4. Nc3 Be7 5. Bf4 O-O 6. e3 Nbd7 7. Be2 dxc4 8. O-O
a6 9. a4 c5 10. d5 exd5 11. Nxd5 Nxd5 12. Qxd5 Nf6 13. Qxd8 Rxd8 14. Bc7 Re8 15.
Bxc4 Be6 16. Bxe6 fxe6 17. a5 Nd5 18. Be5 Bf6 19. Rfc1 Rac8 20. Rc4 Nb4 21. Bxf6
gxf6 22. Rac1 Nd3 23. R1c2 Red8 24. Kf1 Nb4 25. Rd2 Rxd2 26. Nxd2 Nd3 27. b3 Ne5
28. Rc3 f5 29. Ke2 Rc6 30. f4 Nf7 31. Nc4 Kf8 32. Rd3 Ke7 33. e4 fxe4 34. Rh3 h6
35. Ke3 Nd6 36. Nxd6 Rxd6 37. Kxe4 Rd4+ 38. Ke5 Rd5+ 39. Ke4 Rd4+ 40. Ke5 Rd5+
41. Ke4 Rd4+ 1/2-1/2

[Event "Chess24 Banter QualD 2020"]
[Site "chess24.com INT"]
[Date "2020.09.09"]
[Round "2.2"]
[Board "1"]
[White "Narayanan, S.L."]
[Black "Cheparinov, Ivan"]
[Result "1/2-1/2"]
[WhiteTitle "GM"]
[BlackTitle "GM"]
[WhiteElo "2618"]
[BlackElo "2686"]
[WhiteFideId "5058422"]
[BlackFideId "2905540"]
[EventDate "2020.09.08"]

1. Nf3 d5 2. d4 Nf6 3. Bf4 c5 4. e3 Nc6 5. Nbd2 Nh5 6. dxc5 Nxf4 7. exf4 Qa5 8.
Bd3 g6 9. O-O Qxc5 10. Ne5 Bg7 11. Re1 O-O 12. c3 Qd6 13. Qe2 Re8 14. Nb3 f6 15.
Nxg6 hxg6 16. Bxg6 Rd8 17. f5 Ne5 18. Qh5 Nxg6 19. fxg6 e5 20. Rad1 Kf8 21. Nd2
Qe6 22. h3 Qf5 23. Qh7 Be6 24. Nf3 Bg8 25. Qh4 a5 26. Qa4 Qxg6 27. Nd4 Qf7 28.
Nf5 Bh7 29. Qa3+ Kg8 30. Nxg7 Kxg7 31. Re3 Kh8 32. Qc5 a4 33. f4 Be4 34. fxe5
fxe5 35. Rf1 Qg7 36. Rf2 Rf8 37. Ree2 Rxf2 38. Rxf2 Rg8 39. g4 Qh6 40. Qe7 Rg7
41. Qe8+ Kh7 42. Qxe5 a3 43. bxa3 Qe3 44. Qh5+ Qh6 45. Qe5 Qg5 46. Qxg5 Rxg5 47.
Kh2 Rg6 48. Rf7+ Rg7 49. Rxg7+ Kxg7 50. Kg3 Kf6 51. Kf4 Bb1 52. h4 Bxa2 53. g5+
Kg6 54. Kg4 Bb3 55. h5+ Kg7 56. Kf5 Bd1 57. h6+ Kh7 58. Ke5 Bf3 59. a4 Kg6 60.
a5 Bg2 61. Kd4 Bf3 62. Kc5 Be4 63. Kd4 Kxg5 64. h7 Bxh7 65. Kxd5 Bd3 66. c4 Kf6
67. Kc5 Ke6 68. Kb6 Bxc4 69. Kxb7 Kd6 70. a6 Bxa6+ 1/2-1/2

[Event "Chess24 Banter QualD 2020"]
[Site "chess24.com INT"]
[Date "2020.09.09"]
[Round "2.3"]
[Board "1"]
[White "Cheparinov, Ivan"]
[Black "Narayanan, S.L."]
[Result "1/2-1/2"]
[WhiteTitle "GM"]
[BlackTitle "GM"]
[WhiteElo "2686"]
[BlackElo "2618"]
[WhiteFideId "2905540"]
[BlackFideId "5058422"]
[EventDate "2020.09.08"]

1. d4 Nf6 2. c4 e6 3. Nf3 d5 4. Nc3 Be7 5. Bf4 O-O 6. e3 Nbd7 7. Be2 dxc4 8. O-O
c5 9. dxc5 Bxc5 10. Bxc4 a6 11. Bd3 b5 12. a4 b4 13. Ne4 Bb7 14. Nxf6+ Nxf6 15.
Qe2 Qe7 16. e4 h6 17. h3 Rfd8 18. Rfd1 a5 19. Rac1 Rac8 20. Ne5 Bd6 21. Rxc8
Rxc8 22. Ng6 fxg6 23. e5 Bc5 24. exf6 Qxf6 25. Be3 Bxe3 26. Qxe3 Bd5 27. Be4
Bxe4 28. Qxe4 Kh7 29. Rd6 Rf8 30. Rxe6 Qxf2+ 31. Kh2 Qf5 32. Qxf5 Rxf5 33. Rb6
h5 34. h4 Kh6 35. Kg3 Rd5 36. Ra6 Rd2 37. Rxa5 Rxb2 38. Rb5 b3 39. a5 Ra2 40.
Rxb3 Rxa5 41. Rb6 Rf5 42. Kh3 Rf6 43. Rb5 Rf5 44. Rb6 Kh7 45. g3 g5 46. hxg5
Rxg5 47. Kh4 Rg4+ 48. Kxh5 Rxg3 49. Kh4 Rg6 50. Rxg6 Kxg6 51. Kg4 Kh6 52. Kh4
g5+ 53. Kg4 Kg6 54. Kg3 Kh5 55. Kh3 g4+ 56. Kg3 Kg5 57. Kg2 Kh4 58. Kh2 g3+ 59.
Kg2 Kg4 60. Kg1 Kh3 61. Kh1 g2+ 62. Kg1 Kg3 1/2-1/2

[Event "Chess24 Banter QualD 2020"]
[Site "chess24.com INT"]
[Date "2020.09.09"]
[Round "2.4"]
[Board "1"]
[White "Narayanan, S.L."]
[Black "Cheparinov, Ivan"]
[Result "1-0"]
[WhiteTitle "GM"]
[BlackTitle "GM"]
[WhiteElo "2618"]
[BlackElo "2686"]
[WhiteFideId "5058422"]
[BlackFideId "2905540"]
[EventDate "2020.09.08"]

1. Nf3 d5 2. d4 Nf6 3. Bf4 c5 4. e3 Nc6 5. Nbd2 Nh5 6. dxc5 Nxf4 7. exf4 Qa5 8.
c3 Qxc5 9. Nb3 Qd6 10. g3 g6 11. Bg2 Bg7 12. O-O O-O 13. Qd2 Bg4 14. Nfd4 Nxd4
15. Nxd4 Rad8 16. Rfe1 a6 17. h3 Bc8 18. Rad1 Rfe8 19. Nc2 Qb6 20. Nd4 e6 21. h4
h5 22. Nf3 Qc7 23. Ne5 b5 24. a3 a5 25. b4 Bb7 26. Re3 Qb6 27. Qe2 axb4 28. cxb4
d4 29. Red3 Bxg2 30. Kxg2 Rd5 31. Nf3 Rc8 32. Qe4 Rc4 33. Nd2 Rc3 34. Nb3 Rxd3
35. Qxd3 Qb7 36. Kg1 Qb6 37. Rc1 Qb8 38. Rc6 Qa8 39. Na5 Bf6 40. Kh2 Kg7 41. Rc2
Bd8 42. Nc6 Bf6 43. Na5 Bd8 44. Nc6 Bf6 45. Kg1 Qb7 46. Na5 Qa8 47. Rc1 Qd8 48.
Nb3 Qa8 49. Nc5 Be7 50. Ne4 Rd8 51. Rc7 Kf8 52. Ng5 Bxg5 53. fxg5 Qd5 54. Rc5
Qa2 55. Rxb5 Qa1+ 56. Kg2 Rc8 57. Rb7 Qc3 58. Qf3 Qxf3+ 59. Kxf3 Rc3+ 60. Ke4 d3
61. Rd7 Rxa3 62. Rxd3 Ra2 63. f4 Ke7 64. Rb3 Kd6 65. b5 Ra4+ 66. Kf3 Kc7 67. b6+
Kb7 68. g4 hxg4+ 69. Kxg4 Rd4 70. Rf3 Kxb6 71. h5 gxh5+ 72. Kxh5 Kc6 73. f5 Kd6
74. f6 e5 75. g6 fxg6+ 76. Kxg6 Rg4+ 77. Kf5 Rg8 78. Rd3+ Kc7 79. Kxe5 1-0

[Event "Chess24 Banter QualD 2020"]
[Site "chess24.com INT"]
[Date "2020.09.09"]
[Round "2.5"]
[Board "1"]
[White "Cheparinov, Ivan"]
[Black "Narayanan, S.L."]
[Result "1/2-1/2"]
[WhiteTitle "GM"]
[BlackTitle "GM"]
[WhiteElo "2686"]
[BlackElo "2618"]
[WhiteFideId "2905540"]
[BlackFideId "5058422"]
[EventDate "2020.09.08"]

1. d4 Nf6 2. Nf3 d5 3. c4 e6 4. Nc3 Be7 5. g3 O-O 6. Bg2 Nbd7 7. O-O dxc4 8. a4
a5 9. e4 c6 10. Bf4 b6 11. d5 cxd5 12. exd5 exd5 13. Nxd5 Nxd5 14. Qxd5 Ra7 15.
Rfd1 h6 16. Nd4 Bb7 17. Nc6 Bxc6 18. Qxc6 Qe8 19. Re1 Nc5 20. Qxb6 Ra6 21. Qc7
Re6 22. Rxe6 Nxe6 23. Qxc4 Nxf4 24. Qxf4 Bc5 25. Rc1 Qe7 26. Bd5 Bd6 27. Qf3 Bb4
28. Kg2 g6 29. Rc6 Kg7 30. h4 Qe5 31. b3 h5 32. Rb6 Qe7 33. Rb7 Qf6 34. Qxf6+
Kxf6 35. Rb6+ Ke5 36. Bc4 Kf5 37. Bd3+ Ke5 38. Kf3 Rd8 39. Ke2 Rd7 40. f4+ Kd4
41. Bc4 Re7+ 42. Kf1 Ke3 43. Kg2 Bc3 44. Rb5 Rd7 45. Rd5 Rxd5 46. Bxd5 f6 47.
Bf7 g5 48. fxg5 fxg5 49. hxg5 Ke4 50. g6 Kf5 51. b4 axb4 52. Bb3 Kxg6 53. a5 Kg5
54. a6 Bd4 55. Kh3 Bf2 56. Bd1 Ba7 57. Kg2 Bb6 58. Kf3 h4 59. gxh4+ Kxh4 60. Ke4
Bf2 61. Kd5 b3 62. Bxb3 Kg3 63. Kc6 Kf4 64. Kb7 Ke5 65. a7 Bxa7 66. Kxa7 1/2-1/2

[Event "Chess24 Banter QualD 2020"]
[Site "chess24.com INT"]
[Date "2020.09.09"]
[Round "2.6"]
[Board "1"]
[White "Narayanan, S.L."]
[Black "Cheparinov, Ivan"]
[Result "1-0"]
[WhiteTitle "GM"]
[BlackTitle "GM"]
[WhiteElo "2618"]
[BlackElo "2686"]
[WhiteFideId "5058422"]
[BlackFideId "2905540"]
[EventDate "2020.09.08"]

1. Nf3 d5 2. d4 Nf6 3. Bf4 c5 4. e3 Nc6 5. Nbd2 Nh5 6. dxc5 Nxf4 7. exf4 Qa5 8.
c3 Qxc5 9. Nb3 Qd6 10. g3 g6 11. Bg2 Bg7 12. O-O Bg4 13. h3 Bxf3 14. Qxf3 e6 15.
Rad1 O-O 16. h4 h5 17. f5 Ne5 18. Qe2 gxf5 19. Qxh5 Nc4 20. Qe2 b5 21. Nd4 Rab8
22. Rfe1 a6 23. a3 Rb6 24. Nf3 Qd8 25. Ng5 Qf6 26. Nh3 Bh6 27. Rd4 b4 28. g4
bxc3 29. bxc3 Rb2 30. Qf3 Nd2 31. Qg3 Bg7 32. gxf5 Qxf5 33. Rg4 Qf6 34. Nf4 Qh6
35. Nh5 Qxh5 36. Rxg7+ Kh8 37. Rg5 Qh6 38. Ree5 Rb1+ 39. Kh2 f5 40. Rxe6 1-0

[Event "Chess24 Banter QualD 2020"]
[Site "chess24.com INT"]
[Date "2020.09.09"]
[Round "2.7"]
[Board "1"]
[White "Cheparinov, Ivan"]
[Black "Narayanan, S.L."]
[Result "0-1"]
[WhiteTitle "GM"]
[BlackTitle "GM"]
[WhiteElo "2686"]
[BlackElo "2618"]
[WhiteFideId "2905540"]
[BlackFideId "5058422"]
[EventDate "2020.09.08"]

1. e4 e5 2. Nf3 d6 3. d4 exd4 4. Nxd4 Nf6 5. Nc3 Be7 6. Bf4 O-O 7. Qd2 Nc6 8.
O-O-O Nxd4 9. Qxd4 Be6 10. Qd2 a6 11. f3 b5 12. Kb1 c5 13. g4 b4 14. Nd5 Nxd5
15. exd5 Bd7 16. h4 Rc8 17. g5 Qa5 18. h5 c4 19. h6 Bf5 20. Bh3 Bg6 21. Qd4 Bf6
22. gxf6 b3 23. Bxc8 bxc2+ 24. Ka1 cxd1=Q+ 25. Rxd1 Rxc8 26. Bd2 Qa4 27. Bc3
gxh6 28. Rc1 Qd7 29. Qh4 h5 30. Qf4 Qe8 31. Re1 Qf8 32. Bb4 Rd8 33. Re7 h6 34.
a3 Kh7 35. Bxd6 c3 36. bxc3 Qg8 37. Qe5 Rc8 38. Bb4 a5 39. Bxa5 Ra8 40. Bb4 Qc8
41. d6 Qc4 0-1

[Event "Chess24 Banter QualD 2020"]
[Site "chess24.com INT"]
[Date "2020.09.09"]
[Round "2.1"]
[Board "2"]
[White "Huschenbeth, Niclas"]
[Black "Keymer, Vincent"]
[Result "1/2-1/2"]
[WhiteTitle "GM"]
[BlackTitle "GM"]
[WhiteElo "2612"]
[BlackElo "2568"]
[WhiteFideId "24604747"]
[BlackFideId "12940690"]
[EventDate "2020.09.08"]

1. e4 c5 2. Nf3 d6 3. Bb5+ Nd7 4. Ba4 Nf6 5. O-O e6 6. Re1 a6 7. c3 b5 8. Bc2 c4
9. a4 Bb7 10. d4 cxd3 11. Qxd3 Nc5 12. Qe2 bxa4 13. Be3 Nfd7 14. Bd4 e5 15. Bxc5
Nxc5 16. c4 Be7 17. Nc3 O-O 18. Nxa4 Nxa4 19. Bxa4 a5 20. Nd2 Qb6 21. Bb5 Bg5
22. Nb1 f5 23. Nc3 fxe4 24. Rf1 e3 25. f3 e4 26. Nxe4 Bxe4 27. fxe4 Rf2 28. Rxf2
exf2+ 29. Kf1 Rf8 30. Rd1 Bf4 31. g3 Be5 32. Kg2 Bd4 33. Rf1 Qc5 34. Qd2 h5 35.
Bd7 Qe5 36. Bf5 Rxf5 37. exf5 Qe4+ 38. Kh3 Qxf5+ 39. Kg2 Qe4+ 40. Kh3 Qf5+ 41.
Kg2 Qe4+ 42. Kh3 1/2-1/2

[Event "Chess24 Banter QualD 2020"]
[Site "chess24.com INT"]
[Date "2020.09.09"]
[Round "2.2"]
[Board "2"]
[White "Keymer, Vincent"]
[Black "Huschenbeth, Niclas"]
[Result "1/2-1/2"]
[WhiteTitle "GM"]
[BlackTitle "GM"]
[WhiteElo "2568"]
[BlackElo "2612"]
[WhiteFideId "12940690"]
[BlackFideId "24604747"]
[EventDate "2020.09.08"]

1. d4 d5 2. c4 dxc4 3. Nf3 Nf6 4. e3 Bg4 5. Bxc4 e6 6. Nc3 Be7 7. h3 Bh5 8. O-O
O-O 9. g4 Bg6 10. Ne5 Nbd7 11. Nxg6 hxg6 12. Qf3 c5 13. Rd1 cxd4 14. exd4 Nb6
15. Bb3 Nfd5 16. Ne4 Rc8 17. Bd2 Nc4 18. Bc3 b5 19. Rac1 a5 20. a3 Qb6 21. g5
Rc7 22. h4 Rfc8 23. h5 gxh5 24. Qxh5 b4 25. axb4 axb4 26. Be1 Nxb2 27. Rxc7 Qxc7
28. g6 fxg6 29. Qxg6 Nf4 30. Bxe6+ Kh8 31. Qg4 Nxe6 32. Qh3+ Bh4 33. Qxh4+ Kg8
34. Rd2 Nc4 35. Rd3 Qf4 36. Qxf4 Nxf4 37. Rb3 Ne2+ 38. Kf1 Nxd4 39. Rxb4 Nc2 40.
Rb7 Re8 41. f3 Nxe1 42. Kxe1 Nd6 43. Rb4 Nxe4 44. Rxe4 Rxe4+ 45. fxe4 Kf7 46.
Kf2 Ke6 47. Kf3 Ke5 48. Kg4 g5 49. Kxg5 Kxe4 1/2-1/2

[Event "Chess24 Banter QualD 2020"]
[Site "chess24.com INT"]
[Date "2020.09.09"]
[Round "2.3"]
[Board "2"]
[White "Huschenbeth, Niclas"]
[Black "Keymer, Vincent"]
[Result "0-1"]
[WhiteTitle "GM"]
[BlackTitle "GM"]
[WhiteElo "2612"]
[BlackElo "2568"]
[WhiteFideId "24604747"]
[BlackFideId "12940690"]
[EventDate "2020.09.08"]

1. e4 c5 2. Nf3 d6 3. Bb5+ Nd7 4. d4 cxd4 5. Qxd4 a6 6. Bxd7+ Bxd7 7. Nc3 e5 8.
Qd3 Rc8 9. O-O Qc7 10. Rd1 Be7 11. a4 h6 12. Nd2 Bg4 13. f3 Be6 14. Nf1 Nf6 15.
Ne3 O-O 16. Bd2 Rfd8 17. Be1 Qb6 18. a5 Qc6 19. Bf2 g6 20. Rd2 Nh5 21. Ned5 Kf8
22. Bb6 Rd7 23. Be3 Bg5 24. Bxg5 hxg5 25. Nb6 Qc5+ 26. Kh1 Ng3+ 27. hxg3 Kg7 28.
Nxc8 Rd8 29. g4 Rh8# 0-1

[Event "Chess24 Banter QualD 2020"]
[Site "chess24.com INT"]
[Date "2020.09.09"]
[Round "2.4"]
[Board "2"]
[White "Keymer, Vincent"]
[Black "Huschenbeth, Niclas"]
[Result "1-0"]
[WhiteTitle "GM"]
[BlackTitle "GM"]
[WhiteElo "2568"]
[BlackElo "2612"]
[WhiteFideId "12940690"]
[BlackFideId "24604747"]
[EventDate "2020.09.08"]

1. d4 d5 2. c4 dxc4 3. Nf3 Nf6 4. e3 Bg4 5. Bxc4 e6 6. Nc3 Be7 7. h3 Bh5 8. g4
Bg6 9. Ne5 Nbd7 10. Nxg6 hxg6 11. g5 Nd5 12. Nxd5 exd5 13. Bxd5 c6 14. Bb3 Bxg5
15. Qf3 Qf6 16. Qxf6 Nxf6 17. Ke2 Ne4 18. Bc2 Rh4 19. Rg1 Bf6 20. Rg4 Nd6 21.
Rxh4 Bxh4 22. Bd2 Kd7 23. Rg1 Rh8 24. e4 Nb5 25. Be3 Bf6 26. e5 Be7 27. Bb3 Ke8
28. d5 Rxh3 29. d6 Bd8 30. Rd1 Bb6 31. d7+ Kd8 32. Bg5+ f6 33. exf6 1-0

[Event "Chess24 Banter QualD 2020"]
[Site "chess24.com INT"]
[Date "2020.09.09"]
[Round "2.5"]
[Board "2"]
[White "Huschenbeth, Niclas"]
[Black "Keymer, Vincent"]
[Result "0-1"]
[WhiteTitle "GM"]
[BlackTitle "GM"]
[WhiteElo "2612"]
[BlackElo "2568"]
[WhiteFideId "24604747"]
[BlackFideId "12940690"]
[EventDate "2020.09.08"]

1. e4 c6 2. d4 d5 3. Nc3 dxe4 4. Nxe4 Bf5 5. Ng3 Bg6 6. h4 h6 7. Nf3 Nd7 8. Bd3
Bxd3 9. Qxd3 e6 10. Bd2 Ngf6 11. O-O-O Be7 12. Qe2 a5 13. Ne5 a4 14. f4 O-O 15.
f5 a3 16. b3 Nd5 17. fxe6 Nxe5 18. dxe5 fxe6 19. c4 Qb6 20. Qg4 Nb4 21. Qxe6+
Kh8 22. Bxh6 Nxa2+ 23. Kc2 Rf2+ 24. Rd2 Rxd2+ 25. Bxd2 Nb4+ 26. Bxb4 Bxb4 27.
Ne4 Qe3 28. Qg4 a2 29. Ra1 Rd8 30. Qf3 Rd2+ 31. Kc1 Rd1+ 32. Kxd1 Qg1+ 33. Kc2
Qxa1 34. Qh5+ Kg8 35. Qe8+ Bf8 36. Qe6+ Kh8 37. Qf7 Qb1+ 38. Kd2 Bb4+ 39. Ke3
Qxe4+ 40. Kxe4 a1=Q 41. Qe8+ Kh7 42. Qh5+ Kg8 43. Qe8+ Bf8 44. e6 Qe1+ 45. Kd3
Qf1+ 46. Kc3 Qf6+ 47. Kc2 Qe7 48. Qg6 Qf6 49. Qe8 g6 50. g4 Kg7 51. h5 gxh5 52.
gxh5 Be7 53. Qd7 Qf5+ 54. Kb2 Qe5+ 55. Kc2 Qe2+ 56. Kb1 Qe4+ 57. Kb2 Kf6 58.
Qxb7 Kxe6 59. Qc8+ Kd6 60. Qb8+ Kd7 61. Qb7+ Ke8 62. Qc8+ Kf7 63. Qd7 Qe2+ 64.
Kc3 Qe3+ 65. Kb2 Qe2+ 66. Kc3 Qe3+ 67. Kb2 Qe5+ 68. Kc2 c5 69. Qg4 Bf6 70. Qd7+
Kf8 71. Qc8+ Kg7 72. Qg4+ Kh8 73. Qc8+ Kh7 74. Qd7+ Kh6 75. Qd2+ Kxh5 76. Qd5
Kg6 77. Qg2+ Qg5 78. Qe4+ Qf5 79. Kd3 Be7 80. Ke3 Bg5+ 81. Kd3 Qxe4+ 82. Kxe4
Bd2 83. Kd5 Bb4 0-1

[Event "Chess24 Banter QualD 2020"]
[Site "chess24.com INT"]
[Date "2020.09.09"]
[Round "2.6"]
[Board "2"]
[White "Keymer, Vincent"]
[Black "Huschenbeth, Niclas"]
[Result "1-0"]
[WhiteTitle "GM"]
[BlackTitle "GM"]
[WhiteElo "2568"]
[BlackElo "2612"]
[WhiteFideId "12940690"]
[BlackFideId "24604747"]
[EventDate "2020.09.08"]

1. d4 d5 2. c4 dxc4 3. Nf3 Nf6 4. e3 Bg4 5. Bxc4 e6 6. Nc3 Nc6 7. h3 Bh5 8. Bb5
Bb4 9. Qa4 O-O 10. Bxc6 Bxc3+ 11. bxc3 bxc6 12. Ba3 Re8 13. Ne5 Nd5 14. c4 Nc3
15. Qc2 f6 16. Nf3 e5 17. dxe5 Bxf3 18. gxf3 Rxe5 19. Qxc3 Qe8 20. Rd1 Qh5 21.
f4 Re4 22. Qd3 Qf3 23. Rg1 Rae8 24. Qe2 Qxh3 25. Qg4 Qh6 26. Rd7 g6 27. Rxc7
Qxf4 28. Qxf4 Rxf4 29. Rxc6 Rfe4 30. Ke2 Rb8 31. Rd1 Kg7 32. Rd7+ Kh6 33. Rxf6
Rxc4 34. Rff7 Rc2+ 35. Kf3 Rxa2 36. Bd6 Rbb2 37. Bf4+ g5 38. Rd6+ 1-0

[Event "Chess24 Banter QualD 2020"]
[Site "chess24.com INT"]
[Date "2020.09.12"]
[Round "3.1"]
[Board "1"]
[White "Narayanan, S.L."]
[Black "Keymer, Vincent"]
[Result "1-0"]
[WhiteTitle "GM"]
[BlackTitle "GM"]
[WhiteElo "2618"]
[BlackElo "2568"]
[WhiteFideId "5058422"]
[BlackFideId "12940690"]
[EventDate "2020.09.08"]

1. e4 c6 2. d4 d5 3. e5 Bf5 4. Nd2 e6 5. Nb3 c5 6. Bb5+ Nc6 7. dxc5 Bxc5 8. a4
Qb6 9. Nxc5 Qxc5 10. c3 Qb6 11. Be3 Qc7 12. f4 Ne7 13. Nf3 O-O 14. O-O a6 15.
Be2 f6 16. exf6 Rxf6 17. b4 Be4 18. Nd2 Nf5 19. Bf2 Rd8 20. b5 Nce7 21. bxa6
bxa6 22. a5 Rg6 23. Nxe4 dxe4 24. Qb3 e3 25. Be1 Nd5 26. Ra4 Kh8 27. Re4 Qc6 28.
Qa4 Qc7 29. c4 Nde7 30. Qb4 Nc6 31. Qb6 Qc8 32. Bc3 h6 33. c5 Ncd4 34. Bxd4 Rxd4
35. Re5 Rd2 36. Bf3 Nh4 37. g3 Nf5 38. c6 Nxg3 39. hxg3 Rxg3+ 40. Kh1 Qf8 41.
Qxe3 Rc2 42. Rxe6 Qf7 43. Re8+ Kh7 44. Be4+ g6 45. Qxg3 Qxe8 46. Bxc2 Qxc6+ 47.
Qg2 1-0

[Event "Chess24 Banter QualD 2020"]
[Site "chess24.com INT"]
[Date "2020.09.12"]
[Round "3.2"]
[Board "1"]
[White "Keymer, Vincent"]
[Black "Narayanan, S.L."]
[Result "1/2-1/2"]
[WhiteTitle "GM"]
[BlackTitle "GM"]
[WhiteElo "2568"]
[BlackElo "2618"]
[WhiteFideId "12940690"]
[BlackFideId "5058422"]
[EventDate "2020.09.08"]

1. d4 Nf6 2. c4 e6 3. Nf3 d5 4. Nc3 Nbd7 5. cxd5 exd5 6. Bg5 c6 7. Qc2 h6 8. Bh4
Be7 9. e3 O-O 10. Bd3 Re8 11. O-O Ne4 12. Bxe7 Qxe7 13. b4 Qxb4 14. Nxe4 dxe4
15. Bxe4 Qe7 16. Bh7+ Kh8 17. Bd3 c5 18. Rfe1 b6 19. e4 cxd4 20. Nxd4 Nc5 21.
Rad1 Bb7 22. f3 Rac8 23. Qf2 Qe5 24. f4 Nxd3 25. Rxd3 Qxe4 26. Rdd1 Qd5 27. Nf3
Rxe1+ 28. Rxe1 Qc5 29. Qxc5 bxc5 30. Ne5 Kg8 31. Rc1 Bd5 32. a3 f6 33. Ng4 Kf7
34. Kf2 Be6 35. Ne3 f5 36. Rb1 Rc7 37. Nd1 Rd7 38. Ke3 Bc4 39. Rc1 Ba6 40. Nb2
Rc7 41. Na4 c4 42. Nc3 Rd7 43. Rd1 Re7+ 44. Kf2 Rb7 45. Rb1 Rb3 46. Rxb3 cxb3
47. Ke3 Ke6 48. g3 g5 49. Kd4 gxf4 50. gxf4 Bf1 51. Na4 Kd6 52. Nb2 Bg2 53. Nd1
Bd5 54. Nb2 Be6 55. Nd1 a5 56. Nb2 Bd5 57. Nd1 Bc6 58. Nb2 a4 59. Nc4+ Ke6 60.
Nb2 Be8 61. Nd1 Kf6 62. Ke3 Kg6 63. Kf2 Bc6 64. Nb2 Kf6 65. Ke3 Ke6 66. Kd4 Kf6
67. Ke3 Kg6 68. Kf2 Kf7 69. Ke3 Kf6 70. Nd1 Bb5 71. Nb2 Kg6 72. Kf2 Kf6 73. Ke3
Kg6 74. Kf2 Kh5 75. Kg3 Be2 76. Nxa4 Bb5 77. Nb2 Ba6 78. a4 Be2 79. a5 Ba6 80.
Na4 Bb5 81. Nb2 Ba6 82. Na4 1/2-1/2

[Event "Chess24 Banter QualD 2020"]
[Site "chess24.com INT"]
[Date "2020.09.12"]
[Round "3.3"]
[Board "1"]
[White "Narayanan, S.L."]
[Black "Keymer, Vincent"]
[Result "1-0"]
[WhiteTitle "GM"]
[BlackTitle "GM"]
[WhiteElo "2618"]
[BlackElo "2568"]
[WhiteFideId "5058422"]
[BlackFideId "12940690"]
[EventDate "2020.09.08"]

1. e4 c5 2. Nf3 d6 3. d4 cxd4 4. Nxd4 Nf6 5. Nc3 a6 6. Qd3 g6 7. Bg5 Bg7 8.
O-O-O O-O 9. f4 Nc6 10. e5 Ng4 11. Nxc6 bxc6 12. Qg3 Rb8 13. h3 Nh6 14. Bc4 Nf5
15. Qf2 d5 16. g4 Qb6 17. Qxb6 Rxb6 18. gxf5 dxc4 19. Bxe7 Re8 20. f6 Bh6 21.
Rd4 Be6 22. h4 Reb8 23. b3 cxb3 24. axb3 Rc8 25. Rhd1 Rbb8 26. Bc5 Bf8 27. Bxf8
Kxf8 28. Ra4 Rb6 29. Ne4 c5 30. Rd6 Rbc6 31. Rxc6 Rxc6 32. c4 Bf5 33. Nd6 Be6
34. Ra5 1-0

[Event "Chess24 Banter QualD 2020"]
[Site "chess24.com INT"]
[Date "2020.09.12"]
[Round "3.4"]
[Board "1"]
[White "Keymer, Vincent"]
[Black "Narayanan, S.L."]
[Result "0-1"]
[WhiteTitle "GM"]
[BlackTitle "GM"]
[WhiteElo "2568"]
[BlackElo "2618"]
[WhiteFideId "12940690"]
[BlackFideId "5058422"]
[EventDate "2020.09.08"]

1. d4 Nf6 2. c4 e6 3. Nf3 d5 4. Nc3 Nbd7 5. cxd5 exd5 6. Bg5 c6 7. Qc2 Be7 8. e3
h6 9. Bh4 O-O 10. Bd3 Re8 11. O-O Ne4 12. Bxe7 Qxe7 13. b4 Qxb4 14. Nxe4 dxe4
15. Bxe4 Qe7 16. Bh7+ Kh8 17. Bf5 Nf6 18. Bd3 Be6 19. Rfe1 Bd5 20. e4 Be6 21. h3
Rad8 22. a4 Nh5 23. a5 Nf4 24. Bf1 Qf6 25. Ra3 a6 26. Rae3 Qg6 27. Kh1 Qf6 28.
Kh2 g5 29. g3 Ng6 30. Bg2 h5 31. d5 cxd5 32. e5 Qe7 33. Nd4 Rc8 34. Qd2 Rc5 35.
f4 gxf4 36. gxf4 Qh4 37. f5 Qf4+ 38. Kh1 Nxe5 39. fxe6 Nc4 40. exf7 Rf8 41. Qd3
Nxe3 42. Rxe3 Rc1+ 43. Bf1 Rxf1+ 44. Kg2 Qf2# 0-1